000 00709nam a2200265Ia 4500
005 20260121171422.0
008 008 260114s9999 xx 000 0 eng d
020 _a9789811389504
037 _aEBOOK
040 _aCRL
040 _beng
040 _cCRL
041 _2eng
041 _aeng
084 _qCRL
100 _aAnna Esposito, Marcos Faundez-Zanuy, Francesco Carlo Morabito, Eros Pasero
_91075997
245 0 _aNeural Approaches to Dynamics of Signal Exchanges
260 _bSpringer
260 _bSpringer
260 _c2020
856 _uhttps://link.springer.com/openurl?genre=book&isbn=978-981-13-8950-4
942 _cEBOOK
999 _c1641727
_d1641727